| 000 | 00622nam a2200181Ia 4500 | ||
|---|---|---|---|
| 008 | 100920s9999 xx 000 0 und d | ||
| 082 |
_b93948 _a--- न 05 |
||
| 100 | _aनाईक गुरुनाथ. | ||
| 245 | _aझुंज एका वार्याशी. | ||
| 260 |
_bपायल पब्लिकेशन, पुणे. _c2005 |
||
| 300 |
_a209 _bसाधी |
||
| 365 | _b180 | ||
| 520 | _aकादंबरी. | ||
| 630 | _aझुंज एका वार्याशी. | ||
| 650 | _aकादंबरी. | ||
| 730 | _aझुंज एका वार्याशी. | ||
| 942 | _cBOOK | ||
| 999 |
_c734391 _d734388 |
||